000
00335nam a2200145Ia 4500
008
191201s2010 xx 000 0 und d
082
_a
658
_b
CEM
100
_a
CERTO, Samuel
245
0
_a
Modern Management Concepts and Skills
250
_a
11th
260
_a
N.Delhi
_b
PHI
_c
2010
300
_a
600
650
_a
MBA
942
_2
ddc
_c
BK
999
_c
5490
_d
5490